FIFA World Cup Winners Click Quiz - Nations by the Year They Last Won - Statistics

General Stats
  • This quiz has been taken 1,281 times
    1,198 since last reset
  • The average score is 8 of 9
Answer Stats
Hint Answer % Correct
Argentina 2022
93%
France 2018
90%
Uruguay 1950
87%
Spain 2010
87%
England 1966
85%
Germany 2014
83%
Brazil 2002
81%
Italy 2006
81%
West Germany 1990
67%
No matching quizzes found
Score Distribution
Percent of People with Each Score
Percentile by Number Answered
Your Score History
You have not taken this quiz since the last reset